Online
Catalog

Tratado de legislación del trabajo y previsión social : (Record no. 36234)

MARC details
000 -CABECERA
campo de control de longitud fija 00797nam a2200205 a 4500
001 - NÚMERO DE CONTROL
campo de control 000036743
005 - FECHA Y HORA DE LA ÚLTIMA TRANSACCIÓN
campo de control 20251112100403.0
008 - DATOS DE LONGITUD FIJA--INFORMACIÓN GENERAL
campo de control de longitud fija 120127s1941 ag 000 0 spa d
040 ## - FUENTE DE LA CATALOGACIÓN
Centro catalogador/agencia de origen DO-SdBNP
Lengua de catalogación spa
Centro/agencia transcriptor BNPHU
100 1# - ENTRADA PRINCIPAL--NOMBRE DE PERSONA
Nombre de persona Antokoletz, Daniel
9 (RLIN) 63067
245 10 - MENCIÓN DE TÍTULO
Título Tratado de legislación del trabajo y previsión social :
Resto del título con referencias especiales al derecho argentino y de las demás repúblicas americanas /
Mención de responsabilidad, etc. por el Dr. Daniel Antokoletz.
260 ## - PUBLICACIÓN, DISTRIBUCIÓN, ETC.
Lugar de publicación, distribución, etc. Buenos Aires :
Nombre del editor, distribuidor, etc. Guillermo Kraft Ltda.,
Fecha de publicación, distribución, etc. 1941.
300 ## - DESCRIPCIÓN FÍSICA
Extensión 2 v. ;
Dimensiones 23 cm.
500 ## - NOTA GENERAL
Nota general Biblioteca tiene tomo II
504 ## - NOTA DE BIBLIOGRAFÍA, ETC.
Nota de bibliografía, etc. Bibliografía al final de cada capítulo.
650 20 - PUNTO DE ACCESO ADICIONAL DE MATERIA--TÉRMINO DE MATERIA
Término de materia o nombre geográfico como elemento de entrada
9 (RLIN) 63068
650 24 - PUNTO DE ACCESO ADICIONAL DE MATERIA--TÉRMINO DE MATERIA
Término de materia o nombre geográfico como elemento de entrada Legislación laboral
Subdivisión geográfica Argentina
9 (RLIN) 63069
650 24 - PUNTO DE ACCESO ADICIONAL DE MATERIA--TÉRMINO DE MATERIA
Término de materia o nombre geográfico como elemento de entrada Seguro social
Subdivisión geográfica Argentina
9 (RLIN) 63070
650 24 - PUNTO DE ACCESO ADICIONAL DE MATERIA--TÉRMINO DE MATERIA
Término de materia o nombre geográfico como elemento de entrada Leyes y legislación
9 (RLIN) 63071
Holdings
Estado de retiro Estado de pérdida Restricciones de uso No para préstamo Código de colección Localización permanente Ubicación/localización actual Ubicación en estantería Fecha de adquisición Número de inventario Total de préstamos Signatura topográfica completa Código de barras Fecha visto por última vez Precio válido a partir de Tipo de ítem Koha
      Excluido de préstamo Monografías: Libros y Folletos General General En catalogación 27.01.2012 LF1   v.2 36743-10 25.06.2020 25.06.2020 No se presta

Powered by Koha